Morgan Brake National Wildlife Refuge.

Bibliographic Details
Corporate Author: National Wildlife Refuge System (U.S.)
Format: Government Document Map
Language:English
Published: [Washington, D.C.] : [U.S. Dept. of the Interior, Fish and Wildlife Service, National Willdife Refuge System], [2001?]
Subjects:
Online Access:https://purl.fdlp.gov/GPO/LPS101533

MARC

Tag First Indicator Second Indicator Subfields
LEADER 00000cem a2200000Ia 4500
001 in00002431421
005 20211202185547.0
006 m d f
007 aj cznzn
007 cr cn|||||||||
008 080910s2001 dcu a fs 0 eng d
034 0 |a a 
035 |a (OCoLC)ocn247538940 
040 |a GPO  |c GPO  |d GPO  |d MvI  |d UtOrBLW 
043 |a n-us-ms 
049 |a WWW 
052 |a 3981 
074 |a 0612-C (online) 
086 0 |a I 49.44/2:M 82/2 
110 2 |a National Wildlife Refuge System (U.S.) 
245 1 0 |a Morgan Brake National Wildlife Refuge. 
255 |a Scale not given. 
264 1 |a [Washington, D.C.] :  |b [U.S. Dept. of the Interior, Fish and Wildlife Service, National Willdife Refuge System],  |c [2001?] 
336 |a cartographic image  |b cri  |2 rdacontent 
337 |a computer  |b c  |2 rdamedia 
338 |a online resource  |b cr  |2 rdacarrier 
538 |a Mode of access: Internet from the FWS web site. Address as of 9/10/08: http://library.fws.gov/refuges/morganbrake%5Fmap.pdf ; current access via PURL. 
500 |a Title from title screen (viewed Sept. 10, 2008). 
500 |a Electronic resource. 
650 0 |a Wildlife refuges  |z Mississippi  |v Maps. 
651 0 |a Morgan Brake National Wildlife Refuge (Miss.)  |v Maps. 
856 4 0 |u https://purl.fdlp.gov/GPO/LPS101533  |t 0 
999 |a MARS 
999 f f |s 3a9773b5-3497-37c6-b921-87c039c39a1a  |i f1651da5-318e-39f4-b5d1-7ceaee1663f9  |t 0 
952 f f |a Texas A&M University  |b College Station  |c Electronic Resources  |d Available Online  |t 0  |e I 49.44/2:M 82/2  |h Superintendent of Documents classification 
998 f f |a I 49.44/2:M 82/2  |t 0  |l Available Online